|
|
|
|
| LEADER |
00000nlm0a2200000 4500 |
| 001 |
188223 |
| 005 |
20240214135144.0 |
| 035 |
|
|
|a (RuTPU)RU\TPU\book\204455
|
| 090 |
|
|
|a 188223
|
| 100 |
|
|
|a 20101206d2010 k y0rusy50 ca
|
| 101 |
0 |
|
|a rus
|
| 102 |
|
|
|a RU
|
| 105 |
|
|
|a a dm 001zy
|
| 135 |
|
|
|a drbn ---uucaa
|
| 181 |
|
0 |
|a i
|
| 182 |
|
0 |
|a b
|
| 200 |
1 |
|
|a Совершенствование динамических характеристик акустических источников для повышения точности определения уровня жидкости в скважинах
|e автореферат диссертации на соискание ученой степени кандидата технических наук
|e спец. 01.02.06
|f Е. А. Сикора
|g Национальный исследовательский Томский политехнический университет (ТПУ) ; науч. рук. П. Я. Крауиньш
|
| 203 |
|
|
|a Текст
|c электронный
|
| 210 |
|
|
|a Томск
|d 2010
|
| 215 |
|
|
|a 1 файл (345 Кb)
|
| 300 |
|
|
|a Заглавие с титульного экрана
|
| 300 |
|
|
|a Электронная версия печатной публикации
|
| 337 |
|
|
|a Adobe Reader
|
| 452 |
|
1 |
|0 (RuTPU)RU\TPU\book\206517
|t Совершенствование динамических характеристик акустических источников для повышения точности определения уровня жидкости в скважинах
|o автореферат диссертации на соискание ученой степени кандидата технических наук
|o спец. 28.12.2010 г.
|f Е. А. Сикора
|g Национальный исследовательский Томский политехнический университет (ТПУ) ; науч. рук. П. Я. Крауиньш
|c Томск
|n Изд-во ТПУ
|d 2010
|p 15 с.
|a Сикора, Евгений Александрович
|
| 606 |
1 |
|
|a Нефтяные скважины
|x Эхометрирование
|2 stltpush
|3 (RuTPU)RU\TPU\subj\46148
|9 65333
|
| 610 |
1 |
|
|a авторефераты диссертаций
|
| 610 |
1 |
|
|a электронный ресурс
|
| 610 |
1 |
|
|a нефтяные месторождения
|
| 610 |
1 |
|
|a уровни жидкости
|
| 610 |
1 |
|
|a акустические сигналы
|
| 610 |
1 |
|
|a эхограммы
|
| 610 |
1 |
|
|a взрывные источники
|
| 610 |
1 |
|
|a импульсные источники
|
| 610 |
1 |
|
|a модельные исследования
|
| 610 |
1 |
|
|a труды учёных ТПУ
|
| 675 |
|
|
|a 622.24.057(04)
|v 3
|
| 686 |
|
|
|a 01.02.06
|2 oksvnk
|
| 700 |
|
1 |
|a Сикора
|b Е. А.
|c специалист в области машиностроения
|c доцент кафедры автоматизации и роботизации в машиностроении Томского политехнического университета
|f 1984-
|g Евгений Александрович
|3 (RuTPU)RU\TPU\pers\26499
|9 12201
|
| 702 |
|
1 |
|a Крауиньш
|b П. Я.
|c российский ученый
|c профессор Томского политехнического университета, доктор технических наук
|c заведующий кафедрой автоматизации и роботизации в машиностроении
|f 1939-
|g Петр Янович
|3 (RuTPU)RU\TPU\pers\21970
|4 727
|
| 712 |
0 |
2 |
|a Национальный исследовательский Томский политехнический университет (ТПУ)
|c (2009- )
|3 (RuTPU)RU\TPU\col\15902
|
| 801 |
|
2 |
|a RU
|b 63413507
|c 20111215
|g RCR
|
| 856 |
4 |
|
|u http://www.lib.tpu.ru/fulltext/a/2010/84.pdf
|
| 942 |
|
|
|c CF
|